000 00729nam a2200217Ii 4500
003 JO-AjNU
008 230605s9999||||xx |||||||||||||| ||und||
017 _a2012/4/1334
040 _aJO-AjNU
_bara
_erda
_cJO-AjNU
041 _aara
050 1 4 _aBP3553.3.S23 2012
100 3 _aالسبهاني، عبد الجبار,
_eauthor
_942693
245 0 0 _aالوجيز في التمول والإستثمار وضعيا واسلاميا
250 _aط1
264 3 1 _aعمان: المؤلف، 2012
300 _a240ص
336 _atext
_btxt
_2rdacontent
337 _aunmediated
_bn
_2rdamedia
338 _avolume
_bnc
_2rdacarrier
650 4 _aالتمويل- اقتصاد اسلامي- قوانين وتشريعات
_942694
999 _aA18300
_c21868
_d21868